Bilance izraelského pojišťovnictví
Stručná charakteristika situácie izraelského poisťovníctva: investície obyvateľov do životného poistenia, objem uzavretých životných poistiek a prijatého poistného, zisky neživotných poisťovní. Päť najväčších poisťovacích skupín v Izraeli. Prijaté poistné najväčších životných a neživotných poistiteľ...
Saved in:
| Main Author: | |
|---|---|
| Format: | Book Chapter |
| Language: | Czech |
| Subjects: | |
| Tags: |
No Tags, Be the first to tag this record!
|
MARC
| LEADER | 00000naa a2200000 4500 | ||
|---|---|---|---|
| 001 | r033943 | ||
| 005 | 20230922095324.1 | ||
| 041 | 0 | |a cze | |
| 044 | |a CZ | ||
| 245 | 1 | 0 | |a Bilance izraelského pojišťovnictví |
| 520 | |a Stručná charakteristika situácie izraelského poisťovníctva: investície obyvateľov do životného poistenia, objem uzavretých životných poistiek a prijatého poistného, zisky neživotných poisťovní. Päť najväčších poisťovacích skupín v Izraeli. Prijaté poistné najväčších životných a neživotných poistiteľov za roky 1995 a 96. Postupná liberalizácia v poisťovaní motorových vozidiel. Internacionalizácia izraelského poisťovníctva. | ||
| 610 | 2 | 0 | |a poisťovníctvo |
| 610 | 2 | 0 | |a Izrael |
| 610 | 2 | 0 | |a poistenie životné |
| 610 | 2 | 0 | |a poistenie neživotné |
| 610 | 2 | 0 | |a poistenie vozidiel motorových |
| 610 | 2 | 0 | |a poisťovatelia |
| 610 | 2 | 0 | |a internacionalizácia |
| 610 | 2 | 0 | |a liberalizácia |
| 100 | 1 | |a Škorpil, Michal | |